| 000 | 00890cam a22002653a 4500 | ||
|---|---|---|---|
| 001 | 9060 | ||
| 003 | PGUSA | ||
| 005 | 20140828083207.0 | ||
| 008 | 051001s2005||||xxu|||||s|||||000 | eng d | ||
| 040 |
_aPGUSA _beng |
||
| 042 | _adc | ||
| 050 | 4 | _aPA | |
| 100 | 1 |
_aDemosthenes, _d-384--322 |
|
| 245 | 1 | 4 |
_aThe Public Orations of Demosthenes, volume 1 _h[electronic resource] / _cDemosthenes |
| 260 |
_bProject Gutenberg, _c2005 |
||
| 506 | _aPublic domain in the USA. | ||
| 516 | _aElectronic text | ||
| 653 | _aAthens (Greece) -- Politics and government -- Early works to 1800 | ||
| 653 | _aSpeeches, addresses, etc., Greek -- Translations into English | ||
| 653 | _aDemosthenes -- Translations into English | ||
| 700 | 1 |
_aPickard-Cambridge, Arthur Wallace, _cSir, _d1873-1952 |
|
| 830 | 0 |
_aProject Gutenberg _v9060 |
|
| 856 | 4 | 0 | _uhttp://www.gutenberg.org/ebooks/9060 |
| 942 | _cEB | ||
| 999 |
_c238344 _d238344 |
||